| 000 | 00566nam a2200217Ia 4500 | ||
|---|---|---|---|
| 001 | 32589 | ||
| 003 | IN-NITTTR | ||
| 005 | 20251114233435.0 | ||
| 008 | 251113s9999||||xx |||||||||||||| ||eng|| | ||
| 040 | _beng | ||
| 040 | _cIN-NITTTR | ||
| 041 | _aeng | ||
| 082 | _aQA76.9.B45 | ||
| 100 | _aHsu, Hui | ||
| 245 | 0 |
_aBig Data Analytics for Sensor-Network Collected Intelligence / _cHsu, Hui, Huang, Chang, Chuan, Yu, Hsu, Ching, Hsien |
|
| 700 | _a Chuan, Yu | ||
| 700 | _a Hsien, | ||
| 700 | _a Hsu, Ching | ||
| 700 | _a Huang, Chang | ||
| 942 |
_2ddc _cBK |
||
| 999 |
_c35459 _d35459 |
||